000 00648nam a2200205Ii 4500
003 JO-AjNU
008 230605s9999||||xx |||||||||||||| ||und||
017 _a2001/8380
040 _aJO-AjNU
_bara
_erda
_cJO-AjNU
041 _aara
050 1 4 _aBP136.46.N3322 2001
100 3 _aإعداد النفيس، أحمد راسم,
_eauthor
_918577
245 0 0 _aنفحات من السيرة
264 3 1 _aد.م: المؤلف، 2001
300 _a236ص
336 _atext
_btxt
_2rdacontent
337 _aunmediated
_bn
_2rdamedia
338 _avolume
_bnc
_2rdacarrier
650 4 _aالصحابة والتابعون - السيرة النبوية
_918578
999 _aA5968
_c9536
_d9536